[Event "Stay Safe Play From Home 394"]
[Site "Emanuel Lasker Arena"]
[Date "2020.08.19"]
[Round "2"]
[White "TheCHESSHOUSE"]
[Black "AChessPlayer"]
[Result "0-1"]
[WhiteElo "2000"]
[BlackElo "2372"]
[PlyCount "88"]
[EventDate "2020.08.19"]
[EventType "swiss (blitz)"]

1. d4 {[%emt 0:00:05]} c6 {[%emt 0:00:00]} 2. c4 {[%emt 0:00:00]} d5 {[%emt 0:00:00]} 3. cxd5 {[%emt 0:00:00]} cxd5 {[%emt 0:00:00]} 4. Nc3 {[%emt 0:00:00]} Nc6 {[%emt 0:00:00]} 5. Bf4 {[%emt 0:00:00]} Nf6 {[%emt 0:00:03]} 6. Nf3 {[%emt 0:00:00]} a6 {[%emt 0:00:00]} 7. Rc1 {[%emt 0:00:00]} Bg4 {[%emt 0:00:01]} 8. e3 {[%emt 0:00:00]} e6 {[%emt 0:00:01]} 9. Be2 {[%emt 0:00:00]} Bd6 {[%emt 0:00:01]} 10. O-O {[%emt 0:00:01]} O-O {[%emt 0:00:01]} 11. Bg3 {[%emt 0:00:01]} Bxf3 {[%emt 0:00:01]} 12. Bxf3 {[%emt 0:00:01]} Bxg3 {[%emt 0:00:00]} 13. hxg3 {[%emt 0:00:00]} Qd6 {[%emt 0:00:01]} 14. a3 {[%emt 0:00:01]} Rac8 {[%emt 0:00:01]} 15. Na4 {[%emt 0:00:01]} Rc7 {[%emt 0:00:00]} 16. Nc5 {[%emt 0:00:01]} a5 {[%emt 0:00:02]} 17. Qd2 {[%emt 0:00:02]} b6 {[%emt 0:00:03]} 18. Nd3 {[%emt 0:00:02]} Rfc8 {[%emt 0:00:01]} 19. b4 {[%emt 0:00:04]} a4 {[%emt 0:00:03]} 20. Qe2 {[%emt 0:00:07]} Na7 {[%emt 0:00:02]} 21. Rxc7 {[%emt 0:00:04]} Rxc7 {[%emt 0:00:00]} 22. Ne5 {[%emt 0:00:01]} Nd7 {[%emt 0:00:01]} 23. Nxd7 {[%emt 0:00:05]} Qxd7 {[%emt 0:00:00]} 24. e4 {[%emt 0:00:00]} dxe4 {[%emt 0:00:02]} 25. Qxe4 {[%emt 0:00:00]} g6 {[%emt 0:00:01]} 26. Rd1 {[%emt 0:00:01]} Nb5 {[%emt 0:00:01]} 27. Qa8+ {[%emt 0:00:01]} Kg7 {[%emt 0:00:01]} 28. Qxa4 {[%emt 0:00:01]} Qe8 {[%emt 0:00:08]} 29. d5 {[%emt 0:00:01]} Ra7 {[%emt 0:00:01]} 30. Qb3 {[%emt 0:00:02]} Rxa3 {[%emt 0:00:00]} 31. Qb2+ {[%emt 0:00:01]} e5 {[%emt 0:00:00]} 32. d6 {[%emt 0:00:01]} Ra7 {[%emt 0:00:01]} 33. d7 {[%emt 0:00:01]} Rxd7 {[%emt 0:00:01]} 34. Re1 {[%emt 0:00:01]} Re7 {[%emt 0:00:01]} 35. Bd5 {[%emt 0:00:01]} Nd4 {[%emt 0:00:01]} 36. Qc3 {[%emt 0:00:02]} Qd8 {[%emt 0:00:00]} 37. Bc4 {[%emt 0:00:01]} Qd6 {[%emt 0:00:00]} 38. b5 {[%emt 0:00:01]} Rc7 {[%emt 0:00:00]} 39. Qd3 {[%emt 0:00:02]} Rc5 {[%emt 0:00:00]} 40. Ba2 {[%emt 0:00:02]} h5 {[%emt 0:00:00]} 41. Qf3 {[%emt 0:00:01]} Qf6 {[%emt 0:00:00]} 42. Qxf6+ {[%emt 0:00:01]} Kxf6 {[%emt 0:00:00]} 43. f3 {[%emt 0:00:00]} Rc2 {[%emt 0:00:00]} 44. Bd5 {[%emt 0:00:02]} Rb2 {[%emt 0:00:00]} 0-1

[Event "Stay Safe Play From Home 394"]
[Site "Emanuel Lasker Arena"]
[Date "2020.08.19"]
[Round "2"]
[White "Fat Kevin"]
[Black "Padmaesh M K"]
[Result "1-0"]
[WhiteElo "1985"]
[BlackElo "1933"]
[PlyCount "71"]
[EventDate "2020.08.19"]
[EventType "swiss (blitz)"]

1. g3 {[%emt 0:00:00]} e6 {[%emt 0:00:01]} 2. Bg2 {[%emt 0:00:00]} d5 {[%emt 0:00:01]} 3. c4 {[%emt 0:00:00]} Bd6 {[%emt 0:00:01]} 4. cxd5 {[%emt 0:00:00]} exd5 {[%emt 0:00:00]} 5. d4 {[%emt 0:00:00]} Nf6 {[%emt 0:00:02]} 6. Nc3 {[%emt 0:00:00]} O-O {[%emt 0:00:01]} 7. Bd2 {[%emt 0:00:00]} Be6 {[%emt 0:00:02]} 8. Nf3 {[%emt 0:00:00]} c6 {[%emt 0:00:01]} 9. Ng5 {[%emt 0:00:00]} Nbd7 {[%emt 0:00:01]} 10. O-O {[%emt 0:00:00]} Qc7 {[%emt 0:00:02]} 11. Nxe6 {[%emt 0:00:01]} fxe6 {[%emt 0:00:00]} 12. e4 {[%emt 0:00:00]} e5 {[%emt 0:00:03]} 13. exd5 {[%emt 0:00:01]} exd4 {[%emt 0:00:01]} 14. Ne4 {[%emt 0:00:10]} Nxd5 {[%emt 0:00:04]} 15. Nxd6 {[%emt 0:00:03]} Qxd6 {[%emt 0:00:00]} 16. Bc1 {[%emt 0:00:06]} Ne5 {[%emt 0:00:02]} 17. Qxd4 {[%emt 0:00:02]} Nf3+ {[%emt 0:00:04]} 18. Bxf3 {[%emt 0:00:02]} Rxf3 {[%emt 0:00:00]} 19. Bf4 {[%emt 0:00:01]} Qg6 {[%emt 0:00:05]} 20. Rad1 {[%emt 0:00:05]} Rxf4 {[%emt 0:00:09]} 21. Qd2 {[%emt 0:00:04]} Rf7 {[%emt 0:00:02]} 22. Kh1 {[%emt 0:00:01]} Raf8 {[%emt 0:00:01]} 23. f4 {[%emt 0:00:00]} Qe4+ {[%emt 0:00:02]} 24. Kg1 {[%emt 0:00:01]} Qc4 {[%emt 0:00:07]} 25. Rfe1 {[%emt 0:00:01]} Qc5+ {[%emt 0:00:02]} 26. Kg2 {[%emt 0:00:01]} Re7 {[%emt 0:00:02]} 27. Rxe7 {[%emt 0:00:01]} Qxe7 {[%emt 0:00:00]} 28. Re1 {[%emt 0:00:01]} Qc7 {[%emt 0:00:00]} 29. Qd3 {[%emt 0:00:01]} Qb6 {[%emt 0:00:00]} 30. b3 {[%emt 0:00:03]} Rd8 {[%emt 0:00:01]} 31. Qc4 {[%emt 0:00:01]} Kh8 {[%emt 0:00:01]} 32. Qe4 {[%emt 0:00:00]} Nf6 {[%emt 0:00:01]} 33. Qe6 {[%emt 0:00:01]} Qd4 {[%emt 0:00:01]} 34. Kh3 {[%emt 0:00:01]} Qd7 {[%emt 0:00:02]} 35. Re5 {[%emt 0:00:01]} Qxe6+ {[%emt 0:00:01]} 36. Rxe6 {[%emt 0:00:00] Time Time Time (Lag: Av=0.41s, max=0.9s) (Lag: Av=0.41s, max=0.9s) (Lag: Av=0.41s, max=0.9s)} 1-0

[Event "Stay Safe Play From Home 394"]
[Site "Emanuel Lasker Arena"]
[Date "2020.08.19"]
[Round "2"]
[White "Jadon Arkema"]
[Black "Greblah"]
[Result "0-1"]
[WhiteElo "1620"]
[BlackElo "1850"]
[Annotator "NA"]
[PlyCount "26"]
[EventDate "2020.08.19"]
[EventType "swiss (blitz)"]

1. f3 {[%emt 0:00:08]} c6 {[%emt 0:00:00]} 2. g3 {[%emt 0:00:04]} d5 {[%emt 0:00:00]} 3. Bg2 {[%emt 0:00:01]} g6 {[%emt 0:00:00]} 4. e4 {[%emt 0:00:01]} Bg7 {[%emt 0:00:00]} 5. b3 {[%emt 0:00:03]} Nf6 {[%emt 0:00:01]} 6. Na3 {[%emt 0:00:03]} Nxe4 {[%emt 0:00:02]} 7. fxe4 {[%emt 0:00:01]} Bxa1 {[%emt 0:00:00]} 8. exd5 {[%emt 0:00:07]} cxd5 {[%emt 0:00:02]} 9. Bxd5 {[%emt 0:00:01]} Qxd5 {[%emt 0:00:01]} 10. Nf3 {[%emt 0:00:03]} Qe4+ {[%emt 0:00:01]} 11. Kf1 {[%emt 0:00:04]} Bg4 {[%emt 0:00:02]} 12. Nh4 {[%emt 0:00:09]} Bxd1 {[%emt 0:00:02]} 13. c3 {[%emt 0:00:06]} Qxh1+ {[%emt 0:00:01] TimeW TimeW TimeW} 0-1

[Event "Stay Safe Play From Home 394"]
[Site "Emanuel Lasker Arena"]
[Date "2020.08.19"]
[Round "3"]
[White "NTBT_DHS"]
[Black "MihailoVujic"]
[Result "1-0"]
[WhiteElo "2518"]
[BlackElo "2121"]
[Annotator "TA"]
[PlyCount "101"]
[EventDate "2020.08.19"]
[EventType "swiss (blitz)"]

{[%evp 9,101,4,93,0,19,0,2,0,7,-59,-55,-85,-86,-62,-17,-17,-17,-115,0,-6,17,17,16,14,21,21,37,39,67,68,66,0,63,60,83,59,58,60,59,51,58,58,70,54,66,59,223,109,79,71,66,47,228,79,227,163,309,195,190,181,168,149,161,160,212,204,190,47,46,2,229,224,229,133,306,306,348,313,348,278,354,334,402,398,454,284,454,452,564,530,479,297,726,385]} 1. e4 e5 2. Nf3 Nc6 3. Bc4 Nf6 4. Ng5 d5 5. exd5 Nd4 {[#]} (5... Na5 $11 {remains equal.} 6. Bb5+ c6 7. dxc6 bxc6) 6. O-O {C57: Two Knights: Wilkes-Barre/Traxler and 4 Ng5 d5 5 exd5, unusual Black 5th moves.} (6. c3 $1 $16 {[%cal Rc3d4]} Nf5 7. d4 exd4 8. O-O) 6... b5 7. c3 bxc4 8. cxd4 {The position is equal.} exd4 {[#]} 9. Qe2+ $146 (9. Qa4+ $11 Qd7 10. Re1+ Be7 11. Qxd7+ Bxd7 12. b3 Nxd5 13. Ba3 cxb3 14. Bxe7 Nxe7 15. axb3) ({Predecessor:} 9. Qa4+ Qd7 10. Qxc4 Qxd5 11. Qxc7 Bd6 12. Re1+ Be6 13. Qxf7+ {1-0 (13) Dagher,W (2105)-Shamieh,M Beirut 2001}) 9... Be7 $1 $15 {White must now prevent ...0-0.} 10. Qxc4 O-O 11. Qxd4 Qxd5 (11... Nxd5 {with more complications.} 12. Nf3 c5 13. Qe4 Bb7 14. Nc3 Bf6) 12. Qxd5 Nxd5 13. Ne4 (13. Nc3 $11) 13... Bb7 ({Black should play} 13... Nb4 $17 {Strongly threatening ...Nc2.} 14. Nbc3 f5) 14. Nbc3 f5 15. Nxd5 Bxd5 16. Nc3 Bb7 17. d4 Bf6 18. Be3 f4 19. Bxf4 Bxd4 20. Bxc7 (20. Be3 $14 c5 21. Rad1) 20... Rac8 (20... Ba6 $1 $11) 21. Bd6 Rfd8 22. Bg3 Bxc3 23. bxc3 Rxc3 24. a4 {[%cal Ba2a4,Ba4a5][%mdl 32]} Rc2 25. a5 Ba6 26. Rfe1 Rdd2 27. h4 {Re7 is the strong threat.} h5 $2 {[#]} (27... Bb5 $14) 28. Re6 (28. Re7 $18 {and White stays clearly on top.}) 28... Bc4 $16 29. Re7 a6 30. Rae1 Bd5 $2 ({Better is} 30... Re2 $1 $14) 31. R7e5 (31. R1e5 $18 {is more deadly.}) 31... Rd3 (31... Bf7 $16 {is a better defense.}) 32. Rg5 Bc6 (32... Bf7 $142 33. Rb1 Rdc3) 33. Be5 ({Don't play} 33. Rxh5 $6 Rd5 $18) 33... Rd7 34. Rxh5 Rf7 35. Bd4 Rd7 36. Bb6 Rd5 (36... g6 $16 37. Rg5 Kf7) 37. Rxd5 $18 Bxd5 {[%mdl 4096] Endgame KRB-KRB} 38. g4 (38. h5 $18) 38... Rc4 $14 39. f3 Bf7 $2 (39... Bxf3 $11 {and Black is okay.} 40. g5 Rxh4) 40. Kf2 $18 Rc3 41. Re3 (41. Re5 $18) 41... Rc2+ $2 (41... Rxe3 $16 {was worth a try.} 42. Kxe3 g6) 42. Kg3 Rc1 43. Kf4 Rg1 44. Re4 Rf1 45. Rd4 Bb3 46. Rd8+ Kh7 47. Rd3 Bd1 (47... Ba4 $142 48. Rd6 Rc1) 48. h5 Be2 49. Re3 Bb5 50. g5 Bc6 $2 (50... Rh1 51. Re7 Rxh5) 51. Kg4 {Accuracy: White = 45%, Black = 38%.} 1-0

[Event "Stay Safe Play From Home 394"]
[Site "Emanuel Lasker Arena"]
[Date "2020.08.19"]
[Round "3"]
[White "Tran Minh Thang"]
[Black "Mepe_Nika"]
[Result "1-0"]
[WhiteElo "2488"]
[BlackElo "2374"]
[PlyCount "169"]
[EventDate "2020.08.19"]
[EventType "swiss (blitz)"]

1. d4 {[%emt 0:00:01]} d5 {[%emt 0:00:01]} 2. Bf4 {[%emt 0:00:01]} c5 {[%emt 0:00:01]} 3. e3 {[%emt 0:00:00]} Nc6 {[%emt 0:00:00]} 4. Nf3 {[%emt 0:00:01]} Nf6 {[%emt 0:00:01]} 5. Nbd2 {[%emt 0:00:00]} Qb6 {[%emt 0:00:02]} 6. dxc5 {[%emt 0:00:00]} Qxb2 {[%emt 0:00:00]} 7. Rb1 {[%emt 0:00:01]} Qc3 {[%emt 0:00:01]} 8. Bb5 {[%emt 0:00:03]} Qxc5 {[%emt 0:00:07]} 9. O-O {[%emt 0:00:03]} Bd7 {[%emt 0:00:02]} 10. c4 {[%emt 0:00:01]} g5 {[%emt 0:00:06]} 11. Bxg5 {[%emt 0:00:04]} Bg7 {[%emt 0:00:01]} 12. cxd5 {[%emt 0:00:03]} Qxd5 {[%emt 0:00:01]} 13. Bc4 {[%emt 0:00:01]} Qd6 {[%emt 0:00:02]} 14. Bxf6 {[%emt 0:00:03]} Bxf6 {[%emt 0:00:03]} 15. Ne4 {[%emt 0:00:01]} Qxd1 {[%emt 0:00:01]} 16. Nxf6+ {[%emt 0:00:01]} exf6 {[%emt 0:00:00]} 17. Rfxd1 {[%emt 0:00:00]} O-O-O {[%emt 0:00:01]} 18. Bxf7 {[%emt 0:00:01]} Bf5 {[%emt 0:00:00]} 19. Rbc1 {[%emt 0:00:03]} Rxd1+ {[%emt 0:00:01]} 20. Rxd1 {[%emt 0:00:00]} Kc7 {[%emt 0:00:01]} 21. Nd4 {[%emt 0:00:03]} Rd8 {[%emt 0:00:01]} 22. f3 {[%emt 0:00:04]} Nxd4 {[%emt 0:00:03]} 23. exd4 {[%emt 0:00:03]} b5 {[%emt 0:00:02]} 24. Kf2 {[%emt 0:00:01]} Kb6 {[%emt 0:00:01]} 25. Ke3 {[%emt 0:00:01]} a5 {[%emt 0:00:00]} 26. g4 {[%emt 0:00:01]} Bd7 {[%emt 0:00:03]} 27. h4 {[%emt 0:00:02]} Rc8 {[%emt 0:00:01]} 28. g5 {[%emt 0:00:02]} fxg5 {[%emt 0:00:01]} 29. hxg5 {[%emt 0:00:00]} b4 {[%emt 0:00:00]} 30. Ke4 {[%emt 0:00:06]} a4 {[%emt 0:00:02]} 31. f4 {[%emt 0:00:01]} Rc2 {[%emt 0:00:01]} 32. f5 {[%emt 0:00:01]} Rf2 {[%emt 0:00:01]} 33. f6 {[%emt 0:00:00]} Bc6+ {[%emt 0:00:02]} 34. d5 {[%emt 0:00:01]} Bd7 {[%emt 0:00:00]} 35. Be6 {[%emt 0:00:01]} Bb5 {[%emt 0:00:01]} 36. d6 {[%emt 0:00:01]} Re2+ {[%emt 0:00:00]} 37. Kf5 {[%emt 0:00:01]} b3 {[%emt 0:00:02]} 38. axb3 {[%emt 0:00:01]} axb3 {[%emt 0:00:00]} 39. Bxb3 {[%emt 0:00:00]} Bd7+ {[%emt 0:00:00]} 40. Kf4 {[%emt 0:00:01]} Kc5 {[%emt 0:00:00]} 41. Bf7 {[%emt 0:00:01]} Rf2+ {[%emt 0:00:01]} 42. Kg3 {[%emt 0:00:00]} Re2 {[%emt 0:00:01]} 43. Bh5 {[%emt 0:00:00]} Re5 {[%emt 0:00:00]} 44. Bf3 {[%emt 0:00:00]} Rxg5+ {[%emt 0:00:01]} 45. Kf2 {[%emt 0:00:00]} Rf5 {[%emt 0:00:01]} 46. Rc1+ {[%emt 0:00:00]} Kxd6 {[%emt 0:00:01]} 47. Rd1+ {[%emt 0:00:00]} Ke6 {[%emt 0:00:00]} 48. Ke3 {[%emt 0:00:00]} Kxf6 {[%emt 0:00:01]} 49. Rxd7 {[%emt 0:00:00]} Re5+ {[%emt 0:00:00]} 50. Kf2 {[%emt 0:00:00]} Re7 {[%emt 0:00:00]} 51. Rd3 {[%emt 0:00:00]} Kf7 {[%emt 0:00:00]} 52. Re3 {[%emt 0:00:00]} Kg7 {[%emt 0:00:00]} 53. Rd3 {[%emt 0:00:00]} Rf7 {[%emt 0:00:00]} 54. Rd1 {[%emt 0:00:00]} Rf8 {[%emt 0:00:00]} 55. Rg1+ {[%emt 0:00:00]} Kh8 {[%emt 0:00:00]} 56. Rd1 {[%emt 0:00:00]} Rg8 {[%emt 0:00:00]} 57. Rh1 {[%emt 0:00:00]} Rf8 {[%emt 0:00:00]} 58. Ke3 {[%emt 0:00:00]} Rg8 {[%emt 0:00:00]} 59. Be4 {[%emt 0:00:00]} Rg7 {[%emt 0:00:00]} 60. Rh6 {[%emt 0:00:00]} Kg8 {[%emt 0:00:00]} 61. Rh5 {[%emt 0:00:00]} Kf8 {[%emt 0:00:00]} 62. Re5 {[%emt 0:00:00]} Rf7 {[%emt 0:00:00]} 63. Rd5 {[%emt 0:00:00]} Re7 {[%emt 0:00:00]} 64. Kd4 {[%emt 0:00:00]} Kg7 {[%emt 0:00:00]} 65. Rf5 {[%emt 0:00:00]} Rf7 {[%emt 0:00:00]} 66. Rd5 {[%emt 0:00:00]} Kf8 {[%emt 0:00:00]} 67. Rc5 {[%emt 0:00:00]} Re7 {[%emt 0:00:00]} 68. Kc4 {[%emt 0:00:00]} Re8 {[%emt 0:00:00]} 69. Bd5 {[%emt 0:00:00]} Re7 {[%emt 0:00:00]} 70. Rc6 {[%emt 0:00:00]} Kg7 {[%emt 0:00:00]} 71. Rc5 {[%emt 0:00:00]} Rf7 {[%emt 0:00:00]} 72. Rc6 {[%emt 0:00:00]} Rf6 {[%emt 0:00:00]} 73. Rd6 {[%emt 0:00:00]} Kh6 {[%emt 0:00:00]} 74. Rd7 {[%emt 0:00:00]} Kg5 {[%emt 0:00:00]} 75. Kc5 {[%emt 0:00:00]} h6 {[%emt 0:00:00]} 76. Bc6 {[%emt 0:00:00]} Kf4 {[%emt 0:00:00]} 77. Kb6 {[%emt 0:00:00]} Rf5 {[%emt 0:00:00]} 78. Rd5 {[%emt 0:00:00]} Rf6 {[%emt 0:00:00]} 79. Rd6 {[%emt 0:00:00]} Kg5 {[%emt 0:00:00]} 80. Rd7 {[%emt 0:00:00]} Rf5 {[%emt 0:00:00]} 81. Kc7 {[%emt 0:00:00]} Kf6 {[%emt 0:00:00]} 82. Bd5 {[%emt 0:00:00]} Kg5 {[%emt 0:00:00]} 83. Bf7 {[%emt 0:00:00]} Rf6 {[%emt 0:00:00]} 84. Bd5 {[%emt 0:00:00]} Kh4 {[%emt 0:00:00]} 85. Kc8 {[%emt 0:00:00] Mepe_Nika offers a draw Mepe_Nika offers a draw Mepe_Nika offers a draw Time Time Time (Lag: Av=0.72s, max=1.3s) (Lag: Av=0.72s, max=1.3s) (Lag: Av=0.72s, max=1.3s)} 1-0

[Event "Stay Safe Play From Home 394"]
[Site "Emanuel Lasker Arena"]
[Date "2020.08.19"]
[Round "3"]
[White "AChessPlayer"]
[Black "Dreamsoldier"]
[Result "1-0"]
[WhiteElo "2376"]
[BlackElo "1238"]
[PlyCount "51"]
[EventDate "2020.08.19"]
[EventType "swiss (blitz)"]

1. Nf3 {[%emt 0:00:01]} Nf6 {[%emt 0:00:00]} 2. g3 {[%emt 0:00:00]} g6 {[%emt 0:00:00]} 3. Bg2 {[%emt 0:00:00]} Bg7 {[%emt 0:00:00]} 4. O-O {[%emt 0:00:00]} O-O {[%emt 0:00:00]} 5. d4 {[%emt 0:00:00]} d6 {[%emt 0:00:00]} 6. Nbd2 {[%emt 0:00:00]} Nc6 {[%emt 0:00:00]} 7. c3 {[%emt 0:00:01]} Bg4 {[%emt 0:00:00]} 8. h3 {[%emt 0:00:01]} Bxf3 {[%emt 0:00:00]} 9. exf3 {[%emt 0:00:00]} a6 {[%emt 0:00:00]} 10. f4 {[%emt 0:00:01]} Rc8 {[%emt 0:00:01]} 11. Re1 {[%emt 0:00:00]} Nd7 {[%emt 0:00:01]} 12. Qa4 {[%emt 0:00:01]} e6 {[%emt 0:00:00]} 13. Bxc6 {[%emt 0:00:02]} bxc6 {[%emt 0:00:01]} 14. Qxc6 {[%emt 0:00:00]} Nf6 {[%emt 0:00:00]} 15. Qxa6 {[%emt 0:00:01]} Nh5 {[%emt 0:00:01]} 16. Qe2 {[%emt 0:00:01]} Qe7 {[%emt 0:00:01]} 17. a4 {[%emt 0:00:00]} d5 {[%emt 0:00:01]} 18. a5 {[%emt 0:00:00]} Qd7 {[%emt 0:00:01]} 19. a6 {[%emt 0:00:01]} Ra8 {[%emt 0:00:00]} 20. Nf3 {[%emt 0:00:01]} c6 {[%emt 0:00:01]} 21. Be3 {[%emt 0:00:03]} Qa7 {[%emt 0:00:02]} 22. Ra4 {[%emt 0:00:01]} Qb6 {[%emt 0:00:01]} 23. Rea1 {[%emt 0:00:02]} Ra7 {[%emt 0:00:00]} 24. c4 {[%emt 0:00:01]} dxc4 {[%emt 0:00:01]} 25. d5 {[%emt 0:00:01]} Qb5 {[%emt 0:00:04] Dreamsoldier terk eder Dreamsoldier terk eder Dreamsoldier terk eder} 26. dxe6 {[%emt 0:00:01] (Lag: Av=0.45s, max=0.6s) (Lag: Av=0.45s, max=0.6s) (Lag: Av=0.45s, max=0.6s)} 1-0

[Event "Stay Safe Play From Home 394"]
[Site "Emanuel Lasker Arena"]
[Date "2020.08.19"]
[Round "3"]
[White "Lamborghini"]
[Black "Fat Kevin"]
[Result "1-0"]
[WhiteElo "2352"]
[BlackElo "2000"]
[PlyCount "61"]
[EventDate "2020.08.19"]
[EventType "swiss (blitz)"]

1. e4 {[%emt 0:00:04]} c5 {[%emt 0:00:00]} 2. Nf3 {[%emt 0:00:01]} Nf6 {[%emt 0:00:00]} 3. d4 {[%emt 0:00:00]} Nxe4 {[%emt 0:00:01]} 4. Bd3 {[%emt 0:00:01]} d5 {[%emt 0:00:01]} 5. dxc5 {[%emt 0:00:01]} Nxc5 {[%emt 0:00:01]} 6. O-O {[%emt 0:00:00]} Nc6 {[%emt 0:00:00]} 7. Re1 {[%emt 0:00:01]} Nxd3 {[%emt 0:00:01]} 8. Qxd3 {[%emt 0:00:01]} e6 {[%emt 0:00:01]} 9. Nc3 {[%emt 0:00:01]} Be7 {[%emt 0:00:01]} 10. Bf4 {[%emt 0:00:01]} O-O {[%emt 0:00:01]} 11. Rad1 {[%emt 0:00:00]} a6 {[%emt 0:00:02]} 12. h4 {[%emt 0:00:00]} Bxh4 {[%emt 0:00:01]} 13. Nxh4 {[%emt 0:00:01]} Qxh4 {[%emt 0:00:00]} 14. g3 {[%emt 0:00:00]} Qf6 {[%emt 0:00:01]} 15. Kg2 {[%emt 0:00:01]} b5 {[%emt 0:00:02]} 16. Rh1 {[%emt 0:00:01]} h6 {[%emt 0:00:02]} 17. Rh5 {[%emt 0:00:02]} d4 {[%emt 0:00:01]} 18. Ne4 {[%emt 0:00:01]} Qg6 {[%emt 0:00:01]} 19. Rdh1 {[%emt 0:00:01]} Bb7 {[%emt 0:00:03]} 20. f3 {[%emt 0:00:02]} f5 {[%emt 0:00:07]} 21. Nc5 {[%emt 0:00:02]} Nb4 {[%emt 0:00:07]} 22. Qe2 {[%emt 0:00:01]} Bd5 {[%emt 0:00:03]} 23. Bxh6 {[%emt 0:00:01]} Rac8 {[%emt 0:00:04]} 24. Nd7 {[%emt 0:00:02]} Rfd8 {[%emt 0:00:02]} 25. Ne5 {[%emt 0:00:01]} Qf6 {[%emt 0:00:01]} 26. Bd2 {[%emt 0:00:01]} Kf8 {[%emt 0:00:01]} 27. Rh8+ {[%emt 0:00:01]} Ke7 {[%emt 0:00:01]} 28. Rxd8 {[%emt 0:00:01]} Rxd8 {[%emt 0:00:00]} 29. Bxb4+ {[%emt 0:00:03]} Ke8 {[%emt 0:00:01]} 30. Rh8+ {[%emt 0:00:02]} Qf8 {[%emt 0:00:02]} 31. Rxf8# {[%emt 0:00:00] (Lag: Av=0.42s, max=0.8s) (Lag: Av=0.42s, max=0.8s) (Lag: Av=0.42s, max=0.8s)} 1-0

[Event "Stay Safe Play From Home 394"]
[Site "Emanuel Lasker Arena"]
[Date "2020.08.19"]
[Round "3"]
[White "Greblah"]
[Black "IceQueen"]
[Result "1-0"]
[WhiteElo "1857"]
[BlackElo "2374"]
[PlyCount "35"]
[EventDate "2020.08.19"]
[EventType "swiss (blitz)"]

1. e4 {[%emt 0:00:01]} c5 {[%emt 0:00:01]} 2. d4 {[%emt 0:00:02]} cxd4 {[%emt 0:00:00]} 3. Qxd4 {[%emt 0:00:00]} Nc6 {[%emt 0:00:01]} 4. Qd1 {[%emt 0:00:00]} Nf6 {[%emt 0:00:00]} 5. Nc3 {[%emt 0:00:01]} e5 {[%emt 0:00:01]} 6. Nf3 {[%emt 0:00:00]} Bb4 {[%emt 0:00:00]} 7. Bc4 {[%emt 0:00:01]} Bxc3+ {[%emt 0:00:02]} 8. bxc3 {[%emt 0:00:01]} O-O {[%emt 0:00:01]} 9. Bd3 {[%emt 0:00:03]} d5 {[%emt 0:00:01]} 10. Qe2 {[%emt 0:00:03]} dxe4 {[%emt 0:00:02]} 11. Bxe4 {[%emt 0:00:01]} Nxe4 {[%emt 0:00:00]} 12. Qxe4 {[%emt 0:00:01]} Qa5 {[%emt 0:00:02]} 13. Bd2 {[%emt 0:00:02]} f5 {[%emt 0:00:03]} 14. Qc4+ {[%emt 0:00:03]} Kh8 {[%emt 0:00:00]} 15. O-O {[%emt 0:00:01]} e4 {[%emt 0:00:01]} 16. Nd4 {[%emt 0:00:01]} Ne5 {[%emt 0:00:00]} 17. Qb4 {[%emt 0:00:03]} Qc7 {[%emt 0:00:02]} 18. Qxf8# {[%emt 0:00:02] (Lag: Av=0.37s, max=0.5s) (Lag: Av=0.37s, max=0.5s) (Lag: Av=0.37s, max=0.5s)} 1-0

[Event "Stay Safe Play From Home 394"]
[Site "Emanuel Lasker Arena"]
[Date "2020.08.19"]
[Round "4"]
[White "Mepe_Nika"]
[Black "Lamborghini"]
[Result "0-1"]
[WhiteElo "2362"]
[BlackElo "2356"]
[PlyCount "110"]
[EventDate "2020.08.19"]
[EventType "swiss (blitz)"]

1. d4 {[%emt 0:00:01]} Nf6 {[%emt 0:00:01]} 2. c4 {[%emt 0:00:02]} g6 {[%emt 0:00:00]} 3. Nc3 {[%emt 0:00:00]} Bg7 {[%emt 0:00:00]} 4. e4 {[%emt 0:00:00]} O-O {[%emt 0:00:00]} 5. Nf3 {[%emt 0:00:00]} d6 {[%emt 0:00:00]} 6. h3 {[%emt 0:00:01]} c5 {[%emt 0:00:01]} 7. d5 {[%emt 0:00:01]} e6 {[%emt 0:00:00]} 8. Bd3 {[%emt 0:00:00]} exd5 {[%emt 0:00:00]} 9. exd5 {[%emt 0:00:00]} Re8+ {[%emt 0:00:01]} 10. Be3 {[%emt 0:00:00]} Rxe3+ {[%emt 0:00:00]} 11. fxe3 {[%emt 0:00:01]} Qe7 {[%emt 0:00:00]} 12. O-O {[%emt 0:00:02]} Bd7 {[%emt 0:00:01]} 13. Qd2 {[%emt 0:00:02]} Be8 {[%emt 0:00:01]} 14. e4 {[%emt 0:00:01]} Nfd7 {[%emt 0:00:01]} 15. e5 {[%emt 0:00:02]} Nxe5 {[%emt 0:00:01]} 16. Nxe5 {[%emt 0:00:00]} Bxe5 {[%emt 0:00:00]} 17. Rae1 {[%emt 0:00:01]} Nd7 {[%emt 0:00:01]} 18. Kh1 {[%emt 0:00:00]} f5 {[%emt 0:00:02]} 19. Bc2 {[%emt 0:00:01]} Bf7 {[%emt 0:00:04]} 20. Ba4 {[%emt 0:00:01]} Nf6 {[%emt 0:00:02]} 21. Bc2 {[%emt 0:00:02]} a6 {[%emt 0:00:01]} 22. a3 {[%emt 0:00:03]} Rb8 {[%emt 0:00:01]} 23. b4 {[%emt 0:00:01]} cxb4 {[%emt 0:00:01]} 24. axb4 {[%emt 0:00:00]} a5 {[%emt 0:00:01]} 25. bxa5 {[%emt 0:00:01]} Qc7 {[%emt 0:00:01]} 26. Nb5 {[%emt 0:00:01]} Qc5 {[%emt 0:00:01]} 27. Bd3 {[%emt 0:00:07]} Nd7 {[%emt 0:00:01]} 28. Qe3 {[%emt 0:00:02]} Qb4 {[%emt 0:00:03]} 29. Bxf5 {[%emt 0:00:05]} gxf5 {[%emt 0:00:02]} 30. Rxf5 {[%emt 0:00:01]} Bg6 {[%emt 0:00:01]} 31. Rff1 {[%emt 0:00:04]} Qc5 {[%emt 0:00:01]} 32. Qg5 {[%emt 0:00:03]} Re8 {[%emt 0:00:01]} 33. h4 {[%emt 0:00:03]} Rf8 {[%emt 0:00:07]} 34. h5 {[%emt 0:00:02]} Rxf1+ {[%emt 0:00:02]} 35. Rxf1 {[%emt 0:00:00]} Nf8 {[%emt 0:00:02]} 36. hxg6 {[%emt 0:00:01]} hxg6 {[%emt 0:00:00]} 37. Qc1 {[%emt 0:00:02]} Qc8 {[%emt 0:00:01]} 38. Nc3 {[%emt 0:00:01]} Qg4 {[%emt 0:00:00]} 39. Ne4 {[%emt 0:00:01]} Qh4+ {[%emt 0:00:01]} 40. Kg1 {[%emt 0:00:00]} Bd4+ {[%emt 0:00:00]} 41. Rf2 {[%emt 0:00:01]} Qxe4 {[%emt 0:00:02]} 42. Qd2 {[%emt 0:00:01]} Qf4 {[%emt 0:00:01]} 43. Kf1 {[%emt 0:00:01]} Qxf2+ {[%emt 0:00:02]} 44. Qxf2 {[%emt 0:00:00]} Bxf2 {[%emt 0:00:00]} 45. Kxf2 {[%emt 0:00:00]} Nd7 {[%emt 0:00:00]} 46. Ke3 {[%emt 0:00:00]} Nc5 {[%emt 0:00:00]} 47. Kd4 {[%emt 0:00:00]} Kf7 {[%emt 0:00:00]} 48. Kc3 {[%emt 0:00:00]} Ke7 {[%emt 0:00:00]} 49. Kb4 {[%emt 0:00:00]} Kd7 {[%emt 0:00:01]} 50. Kb5 {[%emt 0:00:00]} Kc7 {[%emt 0:00:00]} 51. g4 {[%emt 0:00:00]} g5 {[%emt 0:00:01]} 52. Kb4 {[%emt 0:00:00]} Na6+ {[%emt 0:00:01]} 53. Kb5 {[%emt 0:00:00]} b6 {[%emt 0:00:00]} 54. Ka4 {[%emt 0:00:01]} Kb7 {[%emt 0:00:00]} 55. axb6 {[%emt 0:00:00]} Nc5+ {[%emt 0:00:00] Time Time Time (Lag: Av=0.44s, max=1.2s) (Lag: Av=0.44s, max=1.2s) (Lag: Av=0.44s, max=1.2s)} 0-1